What Jesus taught. (Record no. 5064)

000 -LEADER
fixed length control field 00545nam a2200181 a 4500
001 - CONTROL NUMBER
control field :::00002805$&:&@@
003 - CONTROL NUMBER IDENTIFIER
control field OkBaRHE
005 - DATE AND TIME OF LATEST TRANSACTION
control field 20000607103257.0
008 - FIXED-LENGTH DATA ELEMENTS--GENERAL INFORMATION
fixed length control field s1930 j 000 0 eng u
040 ## - CATALOGING SOURCE
Transcribing agency
100 1# - MAIN ENTRY--PERSONAL NAME
Personal name Roberson, Charles Heber.
245 10 - TITLE STATEMENT
Title What Jesus taught.
260 ## - PUBLICATION, DISTRIBUTION, ETC. (IMPRINT)
Place of publication, distribution, etc Abilene, TX., :
Name of publisher, distributor, etc Chronicle Publishing Company
Date of publication, distribution, etc c1930
300 ## - PHYSICAL DESCRIPTION
Extent 733 p. ;
Dimensions 22 cm.
650 ## - SUBJECT ADDED ENTRY--TOPICAL TERM
Topical term or geographic name as entry element Jesus Christ Teachings
942 ## - ADDED ENTRY ELEMENTS (KOHA)
Source of classification or shelving scheme
Koha item type Books
Copies
Date acquired Copy number Source of classification or shelving scheme Barcode Shelving location Lost status Full call number Koha item type Withdrawn status Date last seen Permanent Location Not for loan Damaged status Price effective from
2010-04-141 2805General Stacks BS 2417 .R6Books 2018-03-16RHEMA Bible Training College  2010-04-14